000 00842nas a2200289 4500
001 BR0703738
003 BR-BrBNA
005 20231205110933.0
007 ta
008 230509b bl.|||p| |||| 00| 00por d
040 _aBR-BrBNA
_bpor
_cBiblioteca Nacional de Agricultura
041 _a(En)
072 _aQ04; Q03
100 1 _aKawashima, L.M.
100 1 _aVieira, A.P.
100 1 _aSoares, L.M.V.
245 1 _aFumonisin B and ochratoxin A in beers made in Brazil
650 _aCERVEJA
650 _aBEBIDA ALCOOLICA
650 _aANÁLISE QUÍMICA
650 _aCROMATOGRAFIA
650 _aMICOTOXINA
650 _aOCRATOXINA
773 0 _tCiência e Tecnologia de Alimentos (Brazil)
_xISSN 0101-2061
_g(Apr-Jun 2007), v. 27(2) p. 317-323
_wBR0703738
909 _a202311
_bLúcia
_c55
_dLúcia Elande
942 _2AGRIS
_n0
_cANA
999 _c189846
_d189846